Online
Catalog

Teoría de la guerra en Francisco Suarez / (Record no. 18674)

MARC details
000 -CABECERA
campo de control de longitud fija 00801cam a2200229 a 4500
001 - NÚMERO DE CONTROL
campo de control 000019156
005 - FECHA Y HORA DE LA ÚLTIMA TRANSACCIÓN
campo de control 20200929165933.0
008 - DATOS DE LONGITUD FIJA--INFORMACIÓN GENERAL
campo de control de longitud fija 771014s1954 sp 001 0 spa d
040 ## - FUENTE DE LA CATALOGACIÓN
Centro catalogador/agencia de origen DO-SdBNP
Lengua de catalogación spa
Centro/agencia transcriptor LC
Centro/agencia modificador BNPHU
082 ## - NÚMERO DE LA CLASIFICACIÓN DECIMAL DEWEY
Número de clasificación nn*
Número de documento/Ítem P438t
049 ## - FONDOS LOCALES (OCLC)
Fondos de biblioteca BNGR
100 1# - ENTRADA PRINCIPAL--NOMBRE DE PERSONA
Nombre de persona Pereña Vicente, Luciano.
9 (RLIN) 41230
245 10 - MENCIÓN DE TÍTULO
Título Teoría de la guerra en Francisco Suarez /
Mención de responsabilidad, etc. Luciano Pereña Vicente.
260 ## - PUBLICACIÓN, DISTRIBUCIÓN, ETC.
Lugar de publicación, distribución, etc. Madrid, (España) :
Nombre del editor, distribuidor, etc. Consejo Superior de Investigaciones Científicas, Instituto "Francisco de Vitoria",
Fecha de publicación, distribución, etc. 1954.
300 ## - DESCRIPCIÓN FÍSICA
Extensión v. ;
Dimensiones 25 cm.
500 ## - NOTA GENERAL
Nota general La biblioteca sólo posee el volumen 2.
505 0# - NOTA DE CONTENIDO CON FORMATO
Información miscelánea v. 2.
Título Texto crítico.
586 ## - NOTA DE PREMIOS
Nota de premios Premio Menendez Pelayo, 1951.
650 #4 - PUNTO DE ACCESO ADICIONAL DE MATERIA--TÉRMINO DE MATERIA
Término de materia o nombre geográfico como elemento de entrada Guerra
9 (RLIN) 34555
650 #4 - PUNTO DE ACCESO ADICIONAL DE MATERIA--TÉRMINO DE MATERIA
Término de materia o nombre geográfico como elemento de entrada War (international law)
9 (RLIN) 41231
910 ## - DATOS DE OPCIÓN DEL USUARIO (OCLC)
Datos de opción del usuario Catalogación derivada / LC
Holdings
Estado de retiro Estado de pérdida Restricciones de uso No para préstamo Código de colección Localización permanente Ubicación/localización actual Ubicación en estantería Fecha de adquisición Número de inventario Total de préstamos Signatura topográfica completa Código de barras Fecha visto por última vez Precio válido a partir de Tipo de ítem Koha
        Monografías: Libros y Folletos General General En catalogación 27.05.2010 LF1   v. 2 19156-10 25.06.2020 25.06.2020 Préstamo en sala

Powered by Koha